000 00863nam a22002655i 4500
001 19215
003 ES-MaACL
005 20230906152032.0
007 t|
008 020702s2001 sp ||||0| spa j
020 _a84-493-1088-1
040 _aM-BN
_bspa
_cM-BN
080 _a291.21
100 1 _aArmstrong, Karen.
_923004
245 1 4 _aUna historia de Dios
_b: 4000 años de búsqueda en el judaísmo, el cristianismo y el Islam /
_cKaren Armstrong ; [traducción de Ramón Alfonso Díez Aragón].
260 _aBarcelona :
_bPaidós Ibérica,
_c[2001]
300 _a521 p. ;
_c24 cm.
490 1 _aPaidós contextos ;
_v19
650 1 4 _aDios.
_911900
700 1 _aDíez Aragón, Ramón Alfonso.
_944676
830 0 _aPaidós contextos ;
_v19
_9179772
852 _aES-MaACL
_jL-25649
_bR.130816
999 _c19215
_d19215